000 00786nam a2200241Ia 4500
003 OSt
005 20221005105351.0
006 a|||||r|||| 00| 0
007 ta
008 221004b |||||||| |||| 00| 0 hin d
024 _a30120
037 _cTextual
040 _aCRL
_cCRL
_bhin
041 _2hin
_ahin
082 _aW, 152L7
100 _aहीगर, जी.ए.
245 0 _aअल्प विकास की राजनीति
246 _aAlpa vikās kī rājanīti
260 _aनई दिल्ली
_bदि मैकमिलन कंपनी ऑफ इंडिया लिमिटेड भारत
_c1977
300 _a142पृ.
_ccm.
942 _hW, 152L7
_cTEXL
_2cc
999 _c1015614
_d1015614